| 000 | 02142 a2200421 4500 | ||
|---|---|---|---|
| 003 | Nust | ||
| 005 | 20170207165829.0 | ||
| 020 | _a0-511-59040-7 (electronic bk. : Adobe Digital Editions) | ||
| 020 | _a0-511-59512-3 (electronic bk) | ||
| 020 | _a0-521-76214-6 (hbk) | ||
| 020 | _a6612316667 | ||
| 020 | _a978-0-511-59040-5 (electronic bk. : Adobe Digital Editions) | ||
| 020 | _a978-0-511-59512-7 (electronic bk) | ||
| 020 | _a978-0-521-76214-4 (hbk) | ||
| 020 | _a9786612316661 | ||
| 035 | _a(OCoLC)526144819 | ||
| 040 | _cNust | ||
| 082 | 0 | 4 | _a332.1 |
| 100 | 1 | _aMilne, Alistair | |
| 245 | 1 | 4 |
_aThe fall of the house of credit (EBook) _h[Elektronisk resurs] : _bwhat went wrong in banking and what can be done to repair the damage? / _cAlistair Milne |
| 260 |
_aCambridge, UK ; _aNew York : _bCambridge University Press, _c2009 |
||
| 300 | _a1 online resource (380 s.) | ||
| 500 | _aIncludes index | ||
| 505 | 0 | _a1. Where did all the money go? An analysis of the causes and cure of the current global banking crisis -- 2. Build-up, meltdown and intervention -- 3. We have been here before, haven't we? -- 4. A basic funding tool -- the tranched mortgage-backed security -- 5. Using tranching to make short-term transaction profits -- 6. Borrowing short and lending long: the illusion of liquidity in structured credit -- 7. The levees break -- 8. The flood of losses -- 9. Central banks and money markets -- 10. The run on the world's banks -- Conclusions: repairing the house of credit. | |
| 520 | _aUntangles the complex world of modern banking and examines solutions to the crisis. | ||
| 650 | 0 | _aBank failures | |
| 650 | 0 | _aBankenkrise. | |
| 650 | 0 |
_aBankers _xMalpractice |
|
| 650 | 0 | _aBankinsolvenz. | |
| 650 | 0 |
_aBanks and banking _xCorrupt practices |
|
| 650 | 0 | _aCredit | |
| 650 | 0 | _aFinancial crises | |
| 650 | 0 | _aKreditgesch�ft. | |
| 651 | _aThe fall of the house of credit EBook | ||
| 655 | 4 | _aElectronic books. | |
| 856 | 4 | 1 |
_3Table of contents _uhttp://www.myilibrary.com?id=231666&ref=toc |
| 856 | 4 | 1 | _uhttp://www.lub.lu.se/cgi-bin/ipchk/http://ebooks.cambridge.org/ebook.jsf?bid=CBO9780511596643 |
| 942 |
_2ddc _cBK |
||
| 999 |
_c213203 _d213203 |
||